01289nam a22001817a 4500003000900000008004100009040007100050082002100121245010200142260002700244300004500271440004400316505060900360650002000969650002500989650001701014710007601031AR-CdUCM190429b ||||| |||| 00| 0 spa d aMUNICIPALIDAD PROVINCIAL DEL CUSCOcBIBLIOTECA MUNICIPAL DEL CUSCO aIllapa/N°2/2008 aIllapa :bRevista de la Escuela Superior Autónoma de Bellas Artes Diego Quispe Tito del Cusco / aCusco.bESABAC,c2008. a47 páginas. :bilustraciones ;c25 cm. aIllapa.nAño 1, N°2, diciembre 2008. aContenido: Persistencia del barroco mestizo en los Andes. Ricardo Scotti. -- Nueva currícula de educación artística. Herbert Rodríguez. -- Una mirada venezolana al Cusco profundo. Víctor Márquez. -- El universo femenino desde una mirada privada. Mónica Núñez Luis. -- La post-modernidad conceptual. Lawrence Carrasco. -- Arte innovación artesanal i diseño. José D. Gutiérrez. -- La psicología y el arte. Soraida Pilco. -- La curaduría y las artes visuales en el Cusco. Manuel Gibaja. -- Los 3 azotes. Rolando Moreyra. -- La hoja de coca, creencias y valores. Sixto Guevara. aArte cusqueño aArtistas cusqueños aBellas Artes aEscuela Superior Autónoma de Bellas Artes Diego Quispe Tito del Cusco